Statistics for US Cities Mentioned in "The Heart Of Rock & Roll"

Click here to take the quiz!

General Stats

  • This quiz has been taken 24 times
  • The average score is 10 of 15

Answer Stats

City % Correct
San Francisco
95%
Los Angeles
95%
New York City
89%
Seattle
89%
Detroit
84%
Austin
79%
Washington, DC
74%
Philadelphia
74%
Cleveland
74%
Boston
68%
San Antonio
47%
Oklahoma City
47%
Baton Rouge
42%
Tulsa
37%
Hollywood
26%

Score Distribution

Percentile by Number Answered

Percent of People with Each Score

Your Score History

You have not taken this quiz